[Event "ROM-ch U12 Girls"]
[Site "Calimanesti"]
[Date "2015.04.05"]
[Round "8"]
[White "Banciu, Alexandra Ioana"]
[Black "Mirza, Hana Carmina"]
[Result "1-0"]
[WhiteElo "1320"]
[BlackElo "1062"]
[PlyCount "113"]
[EventDate "2015.03.30"]
[EventType "swiss"]
[EventRounds "9"]
[EventCountry "ROU"]
[SourceTitle "CBM 165 Extra"]
[Source "ChessBase"]
[SourceDate "2015.04.21"]
[SourceVersion "1"]
[SourceVersionDate "2015.04.21"]
[SourceQuality "1"]

1. e4 e5 2. Nf3 Nc6 3. Bc4 Bc5 4. c3 Nf6 5. d4 exd4 6. cxd4 Bb4+ 7. Bd2 Bxd2+ 8. Nbxd2 d6 9. 0-0 0-0 10. h3 h6 11. Rc1 a6 12. Qc2 Bd7 13. Rfe1 Rc8 14. e5 dxe5 15. dxe5 Nh7 16. Qe4 Ng5 17. Nxg5 Qxg5 18. Nf3 Qf5 19. Qxf5 Bxf5 20. Bxa6 bxa6 21. Rxc6 Bd3 22. Rec1 Rfe8 23. Rxc7 Rxc7 24. Rxc7 Rb8 25. b3 Bb1 26. Nd4 Bxa2 27. Rc3 Rb7 28. f4 Rb4 29. Rd3 Bb1 30. Rd2 Be4 31. f5 Bd5 32. e6 fxe6 33. fxe6 Bxb3 34. Nxb3 Rxb3 35. Rd8+ Kh7 36. e7 Rb1+ 37. Kh2 Re1 38. e8Q Rxe8 39. Rxe8 a5 40. Ra8 a4 41. Rxa4 Kg8 42. g4 Kh7 43. h4 Kg8 44. h5 Kh7 45. Ra5 Kg8 46. g5 hxg5 47. Rxg5 Kh7 48. Kh3 Kh6 49. Kg4 Kh7 50. Rg6 Kh8 51. h6 Kh7 52. hxg7 Kxg6 53. g8Q+ Kf6 54. Qg5+ Kf7 55. Kf5 Kf8 56. Ke6 Ke8 57. Qe7# 1-0

[Event "ROM-ch U12 Girls"]
[Site "Calimanesti"]
[Date "2015.03.31"]
[Round "2"]
[White "Marina, Raluca Ioana"]
[Black "Mirza, Hana Carmina"]
[Result "0-1"]
[WhiteElo "1256"]
[BlackElo "1062"]
[PlyCount "78"]
[EventDate "2015.03.30"]
[EventType "swiss"]
[EventRounds "9"]
[EventCountry "ROU"]
[SourceTitle "CBM 165 Extra"]
[Source "ChessBase"]
[SourceDate "2015.04.21"]
[SourceVersion "1"]
[SourceVersionDate "2015.04.21"]
[SourceQuality "1"]

1. c4 e5 2. Nc3 Nf6 3. g3 d5 4. cxd5 Nxd5 5. Bg2 Nxc3 6. bxc3 Bd6 7. e3 0-0 8. h3 Nc6 9. Ne2 Be6 10. 0-0 Qd7 11. Kh2 Bc4 12. d3 Be6 13. f4 Rab8 14. fxe5 Nxe5 15. Nf4 f6 16. Nxe6 Qxe6 17. c4 Nf7 18. Bd5 Qe5 19. Bxf7+ Rxf7 20. Rf3 Qxa1 21. Qc2 Qe5 22. d4 Qe6 23. c5 Bf8 24. Rf4 Re7 25. Rh4 h6 26. Rg4 Kh8 27. e4 f5 28. d5 Qa6 29. exf5 Re2+ 30. Qxe2 Qxe2+ 31. Kh1 Qe1+ 32. Kg2 Qxc1 33. d6 cxd6 34. cxd6 Bxd6 35. Rg6 Qd2+ 36. Kh1 Re8 37. Re6 Rc8 38. f6 Rc1+ 39. Re1 Rxe1# 0-1

[Event "ROM-ch U10 Girls"]
[Site "Calimanesti"]
[Date "2014.04.12"]
[Round "8"]
[White "Mirza, Hana Carmina"]
[Black "Coman, Ana Cristina"]
[Result "0-1"]
[WhiteElo "1001"]
[BlackElo "1258"]
[PlyCount "94"]
[EventDate "2014.04.06"]
[EventType "swiss"]
[EventRounds "9"]
[EventCountry "ROU"]
[SourceTitle "CBM 160 Extra"]
[Source "ChessBase"]
[SourceDate "2014.07.01"]
[SourceVersion "1"]
[SourceVersionDate "2014.07.01"]
[SourceQuality "1"]

1. e4 e5 2. Nf3 Nc6 3. Bc4 Be7 4. Nc3 Nf6 5. d3 h6 6. h3 d6 7. Be3 0-0 8. 0-0 Re8 9. Qd2 Bf8 10. Rad1 Be6 11. Bb3 Qd7 12. Kh2 Ne7 13. Ba4 c6 14. Qe2 b5 15. Bb3 Ng6 16. d4 Qc7 17. dxe5 dxe5 18. Rd3 b4 19. Na4 Nxe4 20. Kg1 Nf6 21. Rd2 e4 22. Nd4 Bd7 23. Qc4 Ne5 24. Qe2 a6 25. Bc4 c5 26. Nb3 Bxa4 27. Rfd1 Bd7 28. Kh1 Bxh3 29. g3 Bg4 30. Qf1 Bxd1 31. Rxd1 Nxc4 32. Qxc4 Re5 33. Kg2 Rh5 34. Rh1 Rxh1 35. Kxh1 Bd6 36. Qe2 c4 37. Nd2 c3 38. bxc3 bxc3 39. Nb3 a5 40. Bd4 Be5 41. Bxe5 Qxe5 42. Qc4 e3 43. fxe3 Qxe3 44. Qc6 Re8 45. Qc7 Qe1+ 46. Kh2 Re2+ 47. Kh3 Qh1# 0-1

[Event "ROM-ch U10 Girls"]
[Site "Calimanesti"]
[Date "2014.04.11"]
[Round "7"]
[White "Patru, Alexandra Ioana"]
[Black "Mirza, Hana Carmina"]
[Result "1-0"]
[WhiteElo "1262"]
[BlackElo "1001"]
[PlyCount "45"]
[EventDate "2014.04.06"]
[EventType "swiss"]
[EventRounds "9"]
[EventCountry "ROU"]
[SourceTitle "CBM 160 Extra"]
[Source "ChessBase"]
[SourceDate "2014.07.01"]
[SourceVersion "1"]
[SourceVersionDate "2014.07.01"]
[SourceQuality "1"]

1. e4 e5 2. Nf3 Nc6 3. d4 exd4 4. Bc4 Qf6 5. c3 dxc3 6. Nxc3 h6 7. a3 d6 8. Qd3 Be6 9. Bxe6 fxe6 10. Be3 0-0-0 11. 0-0 e5 12. b4 Qg6 13. b5 Nce7 14. a4 b6 15. a5 bxa5 16. Rxa5 Kd7 17. Nxe5+ Ke8 18. Nxg6 Nxg6 19. Rxa7 Ne5 20. Qd1 g5 21. Qh5+ Nf7 22. b6 Rb8 23. Rb1 1-0

[Event "ROM-ch U10 Girls"]
[Site "Calimanesti"]
[Date "2014.04.10"]
[Round "6"]
[White "Iancu, Alexandra Valeria"]
[Black "Mirza, Hana Carmina"]
[Result "0-1"]
[WhiteElo "1077"]
[BlackElo "1001"]
[PlyCount "140"]
[EventDate "2014.04.06"]
[EventType "swiss"]
[EventRounds "9"]
[EventCountry "ROU"]
[SourceTitle "CBM 160 Extra"]
[Source "ChessBase"]
[SourceDate "2014.07.01"]
[SourceVersion "1"]
[SourceVersionDate "2014.07.01"]
[SourceQuality "1"]

1. e4 e5 2. Nf3 Nc6 3. Nc3 Bc5 4. Bc4 Nf6 5. 0-0 d6 6. h3 Be6 7. Bxe6 fxe6 8. Ng5 Qd7 9. Nf3 h6 10. d3 0-0 11. Qe1 Rad8 12. Be3 Bb6 13. Rd1 Ba5 14. Bd2 Bb6 15. Na4 Bd4 16. Nxd4 Nxd4 17. Nc3 Nxc2 18. Qe2 Nd4 19. Qe3 a6 20. Qg3 Kh7 21. Kh1 Nh5 22. Qh4 Nf4 23. Rfe1 Nxd3 24. Re3 Nxf2+ 25. Kh2 Qf7 26. Rg3 Qf6 27. Qh5 Nxd1 28. Nxd1 Rd7 29. Nc3 Rdf7 30. Nd1 Nc6 31. b3 Ne7 32. Nb2 Nc6 33. a3 Nd4 34. b4 b5 35. Nd3 Rd7 36. Bg5 Qf7 37. Qh4 Ne2 38. Rg4 Nd4 39. Rg3 Ne2 40. Re3 Nd4 41. Re1 Nc2 42. Rd1 Nxa3 43. Ra1 Nc4 44. Rc1 Kg8 45. Kg1 hxg5 46. Qxg5 Qf6 47. Qg3 Qh6 48. Re1 Qd2 49. Kh2 Nb2 50. Nc1 Qxb4 51. Re2 Nc4 52. Na2 Qc5 53. Re1 Qf2 54. Qc3 Qxa2 55. Re3 Nxe3 56. Qxe3 Rdf7 57. h4 Qf2 58. Qg5 Qf4+ 59. Qg3 Qxg3+ 60. Kxg3 b4 61. h5 b3 62. Kh4 b2 63. g3 b1Q 64. g4 Qh1+ 65. Kg5 Qxe4 66. Kh4 Rf1 67. Kg3 R8f5 68. gxf5 Qxf5 69. Kh4 Rg1 70. h6 Qg4# 0-1

[Event "ROM-ch U10 Girls"]
[Site "Calimanesti"]
[Date "2014.04.09"]
[Round "5"]
[White "Mirza, Hana Carmina"]
[Black "Marina, Raluca Ioana"]
[Result "1/2-1/2"]
[WhiteElo "1001"]
[BlackElo "1124"]
[PlyCount "31"]
[EventDate "2014.04.06"]
[EventType "swiss"]
[EventRounds "9"]
[EventCountry "ROU"]
[SourceTitle "CBM 160 Extra"]
[Source "ChessBase"]
[SourceDate "2014.07.01"]
[SourceVersion "1"]
[SourceVersionDate "2014.07.01"]
[SourceQuality "1"]

1. e4 c5 2. Nc3 Nc6 3. Bb5 a6 4. Bxc6 bxc6 5. d3 g6 6. Be3 d6 7. Nge2 Bg7 8. h3 Nf6 9. 0-0 0-0 10. f4 Nd7 11. Rb1 f5 12. Qe1 e5 13. Qg3 Qf6 14. Rf2 Rf7 15. Rbf1 Bb7 16. Qf3 1/2-1/2

[Event "ROM-ch U10 Girls"]
[Site "Calimanesti"]
[Date "2014.04.08"]
[Round "3"]
[White "Mirza, Hana Carmina"]
[Black "Bresug, Ariana Bianca"]
[Result "1/2-1/2"]
[WhiteElo "1001"]
[BlackElo "1106"]
[PlyCount "37"]
[EventDate "2014.04.06"]
[EventType "swiss"]
[EventRounds "9"]
[EventCountry "ROU"]
[SourceTitle "CBM 160 Extra"]
[Source "ChessBase"]
[SourceDate "2014.07.01"]
[SourceVersion "1"]
[SourceVersionDate "2014.07.01"]
[SourceQuality "1"]

1. e4 e5 2. Nf3 Nc6 3. Bc4 Bc5 4. Nc3 Nf6 5. d3 h6 6. Be3 Bb6 7. h3 0-0 8. 0-0 d6 9. Qd2 Be6 10. Bb3 Bxb3 11. axb3 Nh7 12. Nd5 Bxe3 13. fxe3 f5 14. exf5 Rxf5 15. e4 Rf7 16. c3 Qd7 17. Rf2 Qe6 18. b4 Qg6 19. Kh2 1/2-1/2